Les plus grandes villes sur le Tarn - Statistiques

Statistiques générales
  • Ce quiz a été pris 137 fois
  • Le résultat moyen est 5 sur 16
Statistiques - réponses
Population (2017) Ville sur le Tarn % Correct
49,500 Albi
98%
58,800 Montauban
73%
15,100 Gaillac
57%
22,100 Millau
50%
12,400 Moissac
34%
5,400 Rabastens
27%
4,500 Lisle-sur-Tarn
25%
8,600 Saint-Sulpice-la-Pointe
24%
6,800 Saint-Juéry
23%
3,000 Marssac-sur-Tarn
17%
5,800 Villemur-sur-Tarn
16%
4,500 Lescure-d'Albigeois
13%
3,600 Bressols
7%
3,800 Bessières
6%
3,600 Labastide-Saint-Pierre
6%
3,900 Montbeton
2%
Aucun quiz correspondant
Distribution des résultats
% des personnes avec chaque résultat
Percentile par nombre de réponses
Votre historique - résultats
Vous n’avez pas pris ce quiz